Councils of Connecticut - Statistics

General Stats
  • This quiz has been taken 121 times
  • The average score is 4 of 9
Answers on the Map
Answers color-coded by a green-red scale on the quiz's map according to % correct below.
 
Answer Stats
Answer % Correct
Greater Bridgeport
84%
Capitol
57%
Northeastern Connecticut
56%
Southeastern Connecticut
53%
Western Connecticut
48%
Naugatuck Valley
36%
Lower Connecticut River Valley
33%
Northwest Hills
32%
South Central Connecticut
27%
No matching quizzes found
Score Distribution
Percent of People with Each Score
Percentile by Number Answered
Your Score History
You have not taken this quiz